Logo BPK

Biblioteka

Politechniki Koszalińskiej

Listening and speaking skills : (Rekord nr 48729)

Szczegóły MARC
000 -ETYKIETA REKORDU
podpole kontrolne o stałej długości 00799nam a2200241 i 4500
001 - NUMER KONTROLNY REKORDU
pole kontrolne bgj
020 ## - MIĘDZYNARODOWY ZNORMALIZOWANY NUMER KSIĄŻKI - ISBN
ISBN 1843255405
040 ## - ŹRÓDŁO KATALOGOWANIA
Instytucja, która utworzyła rekord BPK
041 0# - KOD JĘZYKA
Kod języka tekstu eng
920 ## - Międzynarodowy znormalizowany numer książki – ISBN
ISBN 1-84325-540-5
008 - POLE O STAŁEJ DŁUGOŚCI - DANE KONTROLNE
podpole kontrolne o stałej długości s uk f |000 0 eng
100 1# - NAZWA OSOBOWA
Nazwa osobowa EVANS, Virginia
245 10 - TYTUŁ/ODPOWIEDZIALNOŚĆ
Tytuł Listening and speaking skills :
Ciąg dalszy tytułu for the revised Cambridge Proficiency Exam : student's book.
Oznaczenie części/sekcji dzieła 1 /
Pozostałe elementy strefy tytułu i oznaczenia odpowiedzialności Virginia Evans, Sally Scott.
260 ## - STREFA ADRESU WYDAWNICZEGO
Miejsce wydania Newbury :
Nazwa wydawcy/dystrybutora Express Publishing,
Data publikacji, dystrybucji/powstania dokumentu 2002.
300 ## - STREFA OPISU FIZYCZNEGO
Objętość 63 pp :
Inne cechy fizyczne photos, tables ;
Rozmiary 28 cm.
650 #9 - HASŁO PRZEDMIOTOWE W FORMIE NAZWY OGÓLNEJ LUB JEDNOSTKOWEJ
Nazwa ogólna lub geograficzna English language
Określnik ogólny Assessment tests
650 #9 - HASŁO PRZEDMIOTOWE W FORMIE NAZWY OGÓLNEJ LUB JEDNOSTKOWEJ
Nazwa ogólna lub geograficzna English language
Określnik ogólny Examinations, tests
650 #9 - HASŁO PRZEDMIOTOWE W FORMIE NAZWY OGÓLNEJ LUB JEDNOSTKOWEJ
Nazwa ogólna lub geograficzna CPE
650 #9 - HASŁO PRZEDMIOTOWE W FORMIE NAZWY OGÓLNEJ LUB JEDNOSTKOWEJ
Nazwa ogólna lub geograficzna CPE listening tests
Określnik ogólny Listening CPE tests
650 #9 - HASŁO PRZEDMIOTOWE W FORMIE NAZWY OGÓLNEJ LUB JEDNOSTKOWEJ
Nazwa ogólna lub geograficzna CPE speaking tests
Określnik ogólny Speaking CPE tests
700 1# - HASŁO DODATKOWE - NAZWA OSOBOWA
Nazwa osobowa SCOTT, Sally.
Określenie związku między hasłem a opisywanym materiałem co-author
942 ## - DODATKOWE ELEMENTY (KOHA)
Typ dokumentu Książka
Egzemplarze
Wycofany Status egzemplarza Uszkodzony Dostępność Lokalizacja stała Lokalizacja bieżąca Miejsce przechowywania Sygnatura Kod kreskowy Typ dokumentu
      Dostępny Biblioteka Politechniki Koszalińskiej Biblioteka Politechniki Koszalińskiej Wypożyczalnia Językowa KA 6048 09051720 Książka
© 2023 Biblioteka Politechniki Koszalińskiej :: KOHA